Super Mario 64 - Courses with Wing Caps - Statistics

General Stats
  • This quiz has been taken 23 times
  • The average score is 5 of 6
Answers on the Grid
Answers color-coded by a green-red scale on the quiz's grid according to % correct below.
Bob-omb Battlefield
Whomp's Fortress
Jolly Roger Bay
Cool, Cool Mountain
Big Boo's Haunt
Hazy Maze Cave
Lethal Lava Land
Shifting Sand Land
Dire, Dire Docks
Snowman's Land
Wet-Dry World
Tall, Tall Mountain
Tiny-Huge Island
Tick Tock Clock
Rainbow Ride
The Princess's Secret Slide
Secret Aquarium
Tower of the Wing Cap
Cavern of the Metal Cap
Vanish Cap Under the Moat
Wing Mario Over the Rainbow
Bowser in the Dark World
Bowser in the Fire Sea
Bowser in the Sky
The Castle
 
Answer Stats
Answer % Correct
Bob-omb Battlefield
93%
Tower of the Wing Cap
87%
Wing Mario Over the Rainbow
87%
Lethal Lava Land
80%
Shifting Sand Land
80%
The Castle
80%
No matching quizzes found
Score Distribution
Percent of People with Each Score
Percentile by Number Answered
Your Score History
You have not taken this quiz